[Event "POL-chT 2nd League"]
[Site "Sypniewo"]
[Date "2021.09.05"]
[Round "2.4"]
[White "Pluta, Natalia"]
[Black "Zdziarska, Lidia"]
[Result "1/2-1/2"]
[WhiteElo "1832"]
[BlackElo "1848"]
[PlyCount "83"]
[EventDate "2021.09.04"]
[EventType "team-swiss"]
[EventRounds "9"]
[EventCountry "POL"]
[SourceTitle "CBM 204 Extra"]
[Source "ChessBase"]
[SourceDate "2021.11.30"]
[SourceVersion "1"]
[SourceVersionDate "2021.11.30"]
[SourceQuality "1"]
[WhiteTeam "Jaworzno"]
[BlackTeam "Wisznia Mala Bialy Krol II"]
[WhiteTeamCountry "POL"]
[BlackTeamCountry "POL"]

1. c4 e5 2. Nc3 Nc6 3. g3 Nf6 4. Bg2 Bc5 5. e3 d6 6. Nge2 a6 7. d3 h6 8. 0-0 0-0 9. h3 Bf5 10. a3 Rb8 11. b4 Ba7 12. Kh2 Qd7 13. b5 axb5 14. Nxb5 Bb6 15. Qc2 Rfe8 16. Nec3 Bg6 17. Bd2 Ba5 18. Rfd1 Re7 19. Be1 b6 20. Rac1 Bxc3 21. Bxc3 Rbe8 22. Qb2 Nh7 23. a4 f6 24. Rd2 Ng5 25. h4 Nf7 26. Na3 Ncd8 27. Bd5 Ne6 28. a5 bxa5 29. Bxa5 Nc5 30. Rcd1 c6 31. Bg2 Ra8 32. Qb6 Na4 33. Qb4 c5 34. Qb5 Qxb5 35. Nxb5 Rxa5 36. Ra1 e4 37. dxe4 Bxe4 38. Rda2 Bxg2 39. Kxg2 Rd7 40. Rxa4 Rxa4 41. Rxa4 Ne5 42. f4 1/2-1/2

[Event "POL-chT 2nd League"]
[Site "Jastrzebia Gora"]
[Date "2019.09.12"]
[Round "6.17"]
[White "Rykala, Monika"]
[Black "Pluta, Natalia"]
[Result "1-0"]
[WhiteElo "1892"]
[BlackElo "1853"]
[PlyCount "75"]
[EventDate "2019.09.07"]
[EventType "team-swiss"]
[EventRounds "9"]
[EventCountry "POL"]
[SourceTitle "EXT 2020"]
[Source "ChessBase"]
[SourceDate "2019.10.17"]
[SourceVersion "1"]
[SourceVersionDate "2019.10.17"]
[SourceQuality "1"]
[WhiteTeam "Minsk Mazowiecki MTSz"]
[BlackTeam "Jaworzno"]
[WhiteTeamCountry "POL"]
[BlackTeamCountry "POL"]

1. d4 d5 2. c4 e6 3. Nc3 c6 4. e4 dxe4 5. Nxe4 Nd7 6. Nf3 Ngf6 7. Bd3 Nxe4 8. Bxe4 Nf6 9. Bc2 Bd6 10. 0-0 h6 11. h3 0-0 12. Be3 Qc7 13. Qc1 Nh7 14. Re1 f5 15. c5 Be7 16. Bf4 Qd8 17. Bb3 Nf6 18. Bxe6+ Bxe6 19. Rxe6 Ne4 20. Qc4 Kh7 21. Re1 Bf6 22. Bd6 Rg8 23. d5 Qa5 24. dxc6 bxc6 25. b4 Qa3 26. Be5 Bxe5 27. Nxe5 Qb2 28. Nd3 Qd2 29. f3 Nc3 30. Nf4 Rad8 31. Nh5 Rd4 32. Qb3 Nd5 33. Qb1 Qg5 34. g4 Rf8 35. Qc1 Qh4 36. Kg2 g6 37. R1e5 fxg4 38. hxg4 1-0

[Event "POL-chT 2nd League"]
[Site "Jastrzebia Gora"]
[Date "2018.09.02"]
[Round "2.1"]
[White "Pluta, Natalia"]
[Black "Dziodzio, Angelika"]
[Result "0-1"]
[WhiteElo "1816"]
[BlackElo "2149"]
[PlyCount "88"]
[EventDate "2018.09.01"]
[EventType "team-swiss"]
[EventRounds "9"]
[EventCountry "POL"]
[SourceTitle "CBM 186 Extra"]
[Source "ChessBase"]
[SourceDate "2018.08.24"]
[SourceVersion "1"]
[SourceVersionDate "2018.08.24"]
[SourceQuality "1"]
[WhiteTeam "Jaworzno"]
[BlackTeam "Nowy Sacz Sandecja"]
[WhiteTeamCountry "POL"]
[BlackTeamCountry "POL"]

1. c4 e5 2. g3 Nc6 3. Bg2 g6 4. Nc3 Bg7 5. e3 d6 6. Nge2 Be6 7. d3 Qd7 8. h4 h6 9. Rb1 Nge7 10. Nd5 0-0 11. b4 Rae8 12. b5 Nd8 13. Qa4 Nc8 14. Ba3 c6 15. Ndc3 f5 16. bxc6 bxc6 17. 0-0 f4 18. exf4 exf4 19. Nxf4 Rxf4 20. gxf4 Bxc3 21. Bb2 Bxb2 22. Rxb2 Rf8 23. c5 dxc5 24. Qe4 Qf7 25. Rb8 Nb6 26. Re1 Bd5 27. Qe3 Bxg2 28. Kxg2 Nd5 29. Qg3 Nxf4+ 30. Kh1 Qd5+ 31. Re4 g5 32. hxg5 hxg5 33. Kh2 Nde6 34. Rb7 Rf7 35. Rb8+ Kg7 36. Re8 Kf6 37. Qf3 Qf5 38. Rh8 Rh7+ 39. Rxh7 Qxh7+ 40. Kg1 Qd7 41. Qe3 Qd5 42. a4 Qb3 43. Kh2 Qd1 44. Qg3 Qh5+ 0-1

[Event "POL-chT 2nd League"]
[Site "Szklarska Poreba"]
[Date "2017.09.09"]
[Round "8.17"]
[White "Pluta, Natalia"]
[Black "Polak, Sylwia"]
[Result "1/2-1/2"]
[WhiteElo "1814"]
[BlackElo "1371"]
[PlyCount "118"]
[EventDate "2017.09.02"]
[EventType "team-swiss"]
[EventRounds "9"]
[EventCountry "POL"]
[SourceTitle "CBM 180 Extra"]
[Source "ChessBase"]
[SourceDate "2017.10.06"]
[SourceVersion "1"]
[SourceVersionDate "2017.10.06"]
[SourceQuality "1"]
[WhiteTeam "Jaworzno"]
[BlackTeam "Rzeszow"]
[WhiteTeamCountry "POL"]
[BlackTeamCountry "POL"]

1. c4 c6 2. d4 d5 3. Nf3 Nf6 4. Bg5 e6 5. e3 Be7 6. Nc3 0-0 7. Bd3 Nbd7 8. 0-0 h6 9. Bh4 c5 10. cxd5 Nxd5 11. Bxe7 Qxe7 12. e4 cxd4 13. Nxd5 exd5 14. exd5 Nb6 15. Nxd4 Nxd5 16. Re1 Qd8 17. Be4 Nf6 18. Bf3 Qb6 19. Nb3 Be6 20. Re3 Rfd8 21. Qe1 Bd5 22. Bxd5 Nxd5 23. Re4 Rac8 24. h3 Nf6 25. Rb4 Qc7 26. Rc1 Qb8 27. Rxc8 Qxc8 28. Qe5 b6 29. Qe2 Re8 30. Qd2 Qe6 31. Rd4 Qe1+ 32. Kh2 Qxd2 33. Nxd2 Kf8 34. Kg3 Ke7 35. Ne4 Nxe4+ 36. Rxe4+ Kd7 37. Rxe8 Kxe8 38. Kf4 Kd7 39. Ke5 Ke7 40. Kd5 Kd7 41. b4 Kc7 42. b5 Kd7 43. f4 h5 44. g4 hxg4 45. hxg4 Kc7 46. g5 g6 47. Ke5 Kd7 48. Kf6 Ke8 49. Kg7 Ke7 50. Kg8 Ke8 51. Kg7 Ke7 52. a3 Ke8 53. Kf6 Kf8 54. f5 gxf5 55. Kxf5 Ke7 56. Ke5 Kd7 57. Kd5 Kc7 58. Ke5 Kd7 59. Kf6 Ke8 1/2-1/2

[Event "POL-chT 2nd League"]
[Site "Szklarska Poreba"]
[Date "2017.09.03"]
[Round "2.12"]
[White "Rykala, Monika"]
[Black "Pluta, Natalia"]
[Result "1/2-1/2"]
[WhiteElo "1863"]
[BlackElo "1814"]
[PlyCount "91"]
[EventDate "2017.09.02"]
[EventType "team-swiss"]
[EventRounds "9"]
[EventCountry "POL"]
[SourceTitle "CBM 180 Extra"]
[Source "ChessBase"]
[SourceDate "2017.10.06"]
[SourceVersion "1"]
[SourceVersionDate "2017.10.06"]
[SourceQuality "1"]
[WhiteTeam "Minsk Mazowiecki MTSz"]
[BlackTeam "Jaworzno"]
[WhiteTeamCountry "POL"]
[BlackTeamCountry "POL"]

1. d4 d5 2. e3 Nf6 3. Bd3 e6 4. Nf3 Bd6 5. b3 Nbd7 6. Bb2 0-0 7. Nbd2 c5 8. Ne5 cxd4 9. exd4 Ne8 10. 0-0 f5 11. Qe2 Nef6 12. c4 Ne4 13. Rad1 Qa5 14. Bb1 Ndf6 15. Nxe4 Nxe4 16. f3 Nf6 17. c5 Bxe5 18. Qxe5 Bd7 19. Rfe1 Rac8 20. Re2 b6 21. cxb6 axb6 22. Rde1 Qb4 23. Bc1 h6 24. Bd2 Qa3 25. Qg3 Kh7 26. Qh4 Ng8 27. Qg3 Qe7 28. Bf4 Qf7 29. Re5 Ne7 30. R5e2 Nc6 31. Be5 Nxe5 32. Rxe5 Qf6 33. Qf4 Rc3 34. R5e3 g5 35. Qe5 Qxe5 36. Rxe5 Kg7 37. Kf2 Kf6 38. Ke2 b5 39. Kd2 b4 40. R5e3 Rfc8 41. Rxc3 Rxc3 42. Bc2 Rc7 43. Bd3 Ra7 44. Bb1 Rc7 45. Bd3 Ra7 46. Bb1 1/2-1/2

[Event "Rubinstein Memorial-C 53rd"]
[Site "Polanica Zdroj"]
[Date "2017.08.27"]
[Round "9"]
[White "Pluta, Natalia"]
[Black "Szylko, Waldemar"]
[Result "1-0"]
[WhiteElo "1787"]
[BlackElo "1989"]
[PlyCount "137"]
[EventDate "2017.08.19"]
[EventType "swiss"]
[EventRounds "9"]
[EventCountry "POL"]
[SourceTitle "CBM 180 Extra"]
[Source "ChessBase"]
[SourceDate "2017.10.06"]
[SourceVersion "1"]
[SourceVersionDate "2017.10.06"]
[SourceQuality "1"]

1. c4 c6 2. d4 f5 3. g3 Nf6 4. Bg2 e6 5. Nf3 d5 6. b3 Nbd7 7. 0-0 Be7 8. Qc2 Ne4 9. Bf4 0-0 10. Ne5 Nxe5 11. Bxe5 Bd6 12. Nc3 Bxe5 13. dxe5 Qb6 14. Na4 Qc7 15. f3 Ng5 16. h4 Nf7 17. f4 Qe7 18. Bf3 Bd7 19. c5 g6 20. e3 Kh8 21. b4 Rg8 22. Qh2 Rad8 23. Rad1 Rg7 24. a3 h6 25. Kf2 Rdg8 26. Rh1 Qd8 27. Qh3 Qc7 28. Be2 Ra8 29. Ra1 Rgg8 30. Rhg1 b5 31. Nb2 a5 32. Qf1 axb4 33. axb4 Qb7 34. Nd3 Rxa1 35. Qxa1 Ra8 36. Qb2 Qa7 37. Rb1 Kh7 38. Nc1 Kg7 39. Nb3 Qa2 40. Na5 Qxb2 41. Rxb2 Ra7 42. Rb1 Kf8 43. Ra1 Kg7 44. Nb3 Ra4 45. Rxa4 bxa4 46. Na1 Bc8 47. Bd1 a3 48. Bb3 g5 49. hxg5 hxg5 50. Nc2 Nh6 51. Nxa3 Ng4+ 52. Ke2 Ba6+ 53. Kd2 Nf2 54. Ba4 Ne4+ 55. Ke1 Bb7 56. Nc2 Nc3 57. Bb3 Kf7 58. Nd4 g4 59. Ne2 Ne4 60. Bc2 Ke7 61. Bxe4 dxe4 62. Nd4 Kd7 63. Kd2 Ba6 64. Kc3 Bb5 65. Kb3 Ke7 66. Kc2 Kd7 67. Kc3 Ke7 68. Nxb5 cxb5 69. c6 1-0

[Event "POL-chT U20 2nd League"]
[Site "Szczyrk"]
[Date "2017.07.26"]
[Round "7.53"]
[White "Scisla, Oliwia"]
[Black "Pluta, Natalia"]
[Result "0-1"]
[WhiteElo "1181"]
[BlackElo "1795"]
[PlyCount "88"]
[EventDate "2017.07.22"]
[EventType "team-swiss"]
[EventRounds "11"]
[EventCountry "POL"]
[SourceTitle "EXT 2019"]
[Source "ChessBase"]
[SourceDate "2018.10.10"]
[SourceVersion "1"]
[SourceVersionDate "2018.10.10"]
[SourceQuality "1"]

1. e4 c5 2. Nc3 Nc6 3. f4 g6 4. Nf3 Bg7 5. Bc4 e6 6. d3 Nge7 7. Be3 d5 8. Bxc5 dxc4 9. dxc4 0-0 10. e5 b6 11. Bd6 Ba6 12. b3 Re8 13. Qe2 Nf5 14. Rd1 Nxd6 15. Rxd6 Qc7 16. 0-0 f6 17. Rfd1 Rad8 18. Nb5 Bxb5 19. cxb5 Na5 20. Rxd8 Rxd8 21. Rxd8+ Qxd8 22. b4 Nb7 23. Qe4 Qd5 24. Qxd5 exd5 25. e6 Kf8 26. Nd4 Ke7 27. f5 Nd6 28. g4 Bh6 29. Kf2 Nc8 30. Ke2 Kd6 31. h4 Ne7 32. g5 Bg7 33. fxg6 fxg5 34. Nf3 gxh4 35. Nxh4 hxg6 36. a4 Bc3 37. Kd3 Bxb4 38. c3 Bc5 39. c4 d4 40. Ke4 Kxe6 41. Nf3 Nf5 42. Ne5 Nd6+ 43. Kf4 g5+ 44. Kxg5 Kxe5 0-1

[Event "POL-chT U20 2nd League"]
[Site "Szczyrk"]
[Date "2017.07.25"]
[Round "5.17"]
[White "Pluta, Natalia"]
[Black "Moscicka, Pola"]
[Result "1/2-1/2"]
[WhiteElo "1795"]
[BlackElo "1803"]
[PlyCount "110"]
[EventDate "2017.07.22"]
[EventType "team-swiss"]
[EventRounds "11"]
[EventCountry "POL"]
[SourceTitle "EXT 2019"]
[Source "ChessBase"]
[SourceDate "2018.10.10"]
[SourceVersion "1"]
[SourceVersionDate "2018.10.10"]
[SourceQuality "1"]

1. d4 Nf6 2. c4 e6 3. Nf3 d5 4. Nc3 Bb4 5. Bd2 0-0 6. e3 b6 7. Bd3 dxc4 8. Bxc4 Bb7 9. 0-0 Nbd7 10. Rc1 Be7 11. Qe2 Ne4 12. Rfd1 Ndf6 13. Ba6 Qc8 14. Bxb7 Qxb7 15. Be1 Rac8 16. Ne5 Nxc3 17. Bxc3 c5 18. dxc5 Rxc5 19. Bd4 Rxc1 20. Rxc1 Rc8 21. Rc4 Qa6 22. Rxc8+ Qxc8 23. Qc4 Qxc4 24. Nxc4 Nd7 25. Ne5 Nxe5 26. Bxe5 f6 27. Bb8 a6 28. Kf1 Kf7 29. Ke2 e5 30. Ba7 Bd8 31. Kd3 Bc7 32. a4 Ke6 33. Kc4 Kd6 34. a5 bxa5 35. Bc5+ Kc6 36. Bf8 g6 37. e4 Bd6 38. Bh6 a4 39. Bc1 f5 40. f3 Bc5 41. h3 Bd6 42. g4 fxe4 43. fxe4 Bc5 44. h4 Bd6 45. h5 gxh5 46. gxh5 Bc5 47. Bd2 a3 48. bxa3 Bxa3 49. Bc3 Bd6 50. Ba5 Bc7 51. Bd2 Kd6 52. Bb4+ Ke6 53. Bd2 a5 54. Kb5 Kd6 55. Be3 Bd8 1/2-1/2

[Event "POL-chT 2nd League"]
[Site "Jastrzebia Gora"]
[Date "2016.09.11"]
[Round "9.36"]
[White "Kubicka, Anna"]
[Black "Pluta, Natalia"]
[Result "1/2-1/2"]
[WhiteElo "2239"]
[BlackElo "1623"]
[PlyCount "174"]
[EventDate "2016.09.03"]
[EventType "team-swiss"]
[EventRounds "9"]
[EventCountry "POL"]
[SourceTitle "EXT 2017"]
[Source "ChessBase"]
[SourceDate "2016.10.25"]
[SourceVersion "1"]
[SourceVersionDate "2016.10.25"]
[SourceQuality "1"]
[WhiteTeam "Dabrowa Gornicza Zaglebie II"]
[BlackTeam "Jaworzno JKSz MCKiS"]
[WhiteTeamCountry "POL"]
[BlackTeamCountry "POL"]

1. e4 c5 2. Nf3 d6 3. d4 cxd4 4. Nxd4 Nf6 5. f3 g6 6. c4 Bg7 7. Nc3 Nc6 8. Be3 0-0 9. Be2 Re8 10. 0-0 Nxd4 11. Bxd4 Be6 12. Qd2 Nd7 13. Bf2 a5 14. b3 Nc5 15. Rab1 Bd7 16. Rfd1 Bc6 17. Nd5 Bxd5 18. Qxd5 Qc7 19. Rdc1 Rec8 20. Bf1 Qc6 21. Qd2 Rcb8 22. Bh4 Qc7 23. Bg3 Qc6 24. Bf2 Qc7 25. h4 h5 26. Be2 Rd8 27. Kh1 Qc6 28. Rg1 Kh7 29. Qf4 Rf8 30. g4 Ne6 31. Qd2 Bh6 32. Be3 Bxe3 33. Qxe3 Qc5 34. Qxc5 dxc5 35. gxh5 gxh5 36. Rbd1 Nf4 37. Rd2 Rad8 38. Rgd1 Rxd2 39. Rxd2 Nxe2 40. Rxe2 Rd8 41. Kg2 e5 42. f4 f6 43. Rf2 Kg6 44. fxe5 fxe5 45. Rf5 Rd2+ 46. Kg1 Rd1+ 47. Kg2 Rd2+ 48. Kf1 Rxa2 49. Rxe5 Rb2 50. Rxc5 Rxb3 51. Rg5+ Kf6 52. Rxa5 Re3 53. Rf5+ Ke6 54. Rxh5 Rxe4 55. c5 Kf6 56. Kg2 Re3 57. Rd5 Rc3 58. Rg5 Rb3 59. Rg3 Rb4 60. Kh3 Rc4 61. Rg5 Ra4 62. Rd5 Rc4 63. Kg3 Kg6 64. h5+ Kh6 65. Kf3 Ra4 66. Ke3 Rh4 67. Kd3 Ra4 68. Kc3 Rh4 69. Rd8 Kg7 70. Rd7+ Kf8 71. Rh7 Ke8 72. h6 Kd8 73. Rh8+ Kc7 74. Kd3 Kc6 75. h7 Kc7 76. Ke3 Rh1 77. Kf4 Rf1+ 78. Kg3 Rh1 79. c6 Rh6 80. Kf4 Rh1 81. Kf3 Rh6 82. Kg4 Rh1 83. Kf5 Rf1+ 84. Kg4 Rh1 85. Kg5 Rg1+ 86. Kf6 Rf1+ 87. Kg7 Rg1+ 1/2-1/2

[Event "POL-chT 2nd League"]
[Site "Jastrzebia Gora"]
[Date "2016.09.06"]
[Round "4.42"]
[White "Pluta, Natalia"]
[Black "Dziodzio, Angelika"]
[Result "1/2-1/2"]
[WhiteElo "1623"]
[BlackElo "2064"]
[PlyCount "74"]
[EventDate "2016.09.03"]
[EventType "team-swiss"]
[EventRounds "9"]
[EventCountry "POL"]
[SourceTitle "EXT 2017"]
[Source "ChessBase"]
[SourceDate "2016.10.25"]
[SourceVersion "1"]
[SourceVersionDate "2016.10.25"]
[SourceQuality "1"]
[WhiteTeam "Jaworzno JKSz MCKiS"]
[BlackTeam "Rybnik MKSz"]
[WhiteTeamCountry "POL"]
[BlackTeamCountry "POL"]

1. c4 c5 2. g3 Nc6 3. Nc3 g6 4. Bg2 Bg7 5. e3 e5 6. Nge2 Nge7 7. 0-0 0-0 8. a3 Rb8 9. Rb1 a5 10. d3 d6 11. h3 Be6 12. Nd5 b5 13. b3 bxc4 14. dxc4 a4 15. b4 cxb4 16. Qxa4 bxa3 17. Rxb8 Qxb8 18. Bxa3 Rc8 19. Nec3 Bxd5 20. Nxd5 Nxd5 21. Bxd5 Ne7 22. Be4 Bf8 23. Qa6 Nf5 24. Rb1 Qc7 25. Rb7 Qd8 26. Rb6 Rxc4 27. Bxf5 gxf5 28. Bxd6 Rc1+ 29. Kg2 Bxd6 30. Rxd6 Qe7 31. Qa8+ Kg7 32. Rd8 Qc7 33. Rg8+ Kf6 34. e4 fxe4 35. Qf8 e3 36. Qh6+ Ke7 37. Qxe3 Qc6+ 1/2-1/2

[Event "POL-chT 2nd League"]
[Site "Jastrzebia Gora"]
[Date "2016.09.05"]
[Round "3.30"]
[White "Pacuszka, Wioletta"]
[Black "Pluta, Natalia"]
[Result "1-0"]
[WhiteElo "1923"]
[BlackElo "1623"]
[PlyCount "45"]
[EventDate "2016.09.03"]
[EventType "team-swiss"]
[EventRounds "9"]
[EventCountry "POL"]
[SourceTitle "EXT 2017"]
[Source "ChessBase"]
[SourceDate "2016.10.25"]
[SourceVersion "1"]
[SourceVersionDate "2016.10.25"]
[SourceQuality "1"]
[WhiteTeam "Rotmistrz"]
[BlackTeam "Jaworzno JKSz MCKiS"]
[WhiteTeamCountry "POL"]
[BlackTeamCountry "POL"]

1. e4 c5 2. Nf3 d6 3. d4 cxd4 4. Nxd4 Nf6 5. Nc3 g6 6. Be2 Bg7 7. Be3 0-0 8. 0-0 Nc6 9. Nb3 Be6 10. f4 Rc8 11. Qd2 Ng4 12. Bxg4 Bxg4 13. f5 gxf5 14. exf5 e6 15. fxe6 fxe6 16. Rxf8+ Qxf8 17. Rf1 Qd8 18. Ne4 d5 19. Ng5 Ne5 20. Nd4 Nc4 21. Qd3 Bf5 22. Nxf5 Nxe3 23. Nh6+ 1-0

[Event "POL-ch U18 Girls"]
[Site "Szklarska Poreba"]
[Date "2016.03.15"]
[Round "4"]
[White "Pluta, Natalia"]
[Black "Wierzbowska, Aleksandra"]
[Result "0-1"]
[WhiteElo "1542"]
[BlackElo "1685"]
[PlyCount "78"]
[EventDate "2016.03.13"]
[EventType "swiss"]
[EventRounds "9"]
[EventCountry "POL"]
[SourceTitle "EXT 2018"]
[Source "ChessBase"]
[SourceDate "2017.10.13"]
[SourceVersion "1"]
[SourceVersionDate "2017.10.13"]
[SourceQuality "1"]

1. c4 e6 2. g3 d5 3. Bg2 Nf6 4. Nf3 Be7 5. 0-0 0-0 6. b3 Nbd7 7. d4 c5 8. cxd5 exd5 9. dxc5 Bxc5 10. Bb2 b6 11. Nc3 Bb7 12. e3 Rc8 13. Rc1 Ba6 14. Re1 Bb4 15. a3 Bxc3 16. Rxc3 Rxc3 17. Bxc3 Ne4 18. Qd4 Nxc3 19. Qxc3 Nf6 20. Rd1 Qc8 21. Qb2 Rd8 22. Rc1 Qd7 23. Ne5 Qb7 24. b4 Rc8 25. a4 Rxc1+ 26. Qxc1 Qe7 27. Nc6 Qc7 28. b5 Bb7 29. Qc2 Kf8 30. Nd4 Qxc2 31. Nxc2 Ke7 32. Kf1 Kd6 33. Ke2 Nd7 34. Kd3 Nc5+ 35. Kd4 Ne6+ 36. Kc3 d4+ 37. Nxd4 Bxg2 38. Nf5+ Kd7 39. Kc4 Be4 0-1

[Event "POL-ch U18 Girls"]
[Site "Szklarska Poreba"]
[Date "2016.03.13"]
[Round "1"]
[White "Fraczek, Weronika"]
[Black "Pluta, Natalia"]
[Result "1-0"]
[WhiteElo "1825"]
[BlackElo "1542"]
[PlyCount "95"]
[EventDate "2016.03.13"]
[EventType "swiss"]
[EventRounds "9"]
[EventCountry "POL"]
[SourceTitle "EXT 2018"]
[Source "ChessBase"]
[SourceDate "2017.10.13"]
[SourceVersion "1"]
[SourceVersionDate "2017.10.13"]
[SourceQuality "1"]

1. e4 c5 2. Nf3 d6 3. d4 cxd4 4. Nxd4 Nf6 5. Nc3 g6 6. Be3 Bg7 7. f3 0-0 8. Qd2 Nc6 9. 0-0-0 d5 10. exd5 Nxd5 11. Nxc6 bxc6 12. Bd4 Bxd4 13. Qxd4 Qb6 14. Na4 Qa5 15. b3 e5 16. Qxe5 Bf5 17. Qe1 Qc7 18. Bd3 Rfe8 19. Qg3 Nf4 20. Kb1 Bxd3 21. Rxd3 Qe5 22. Rd7 Qf5 23. Rd2 Re3 24. Rhd1 Kg7 25. Qg4 Qe5 26. g3 Nd5 27. Qd7 Nc3+ 28. Nxc3 Qxc3 29. f4 c5 30. Rd3 Rxd3 31. Qxd3 Qb4 32. Kb2 a5 33. Qc3+ Kg8 34. Rd5 Rc8 35. Qxb4 axb4 36. c3 bxc3+ 37. Kxc3 Kf8 38. Kc4 Ke7 39. Rxc5 Ra8 40. a4 Kd6 41. a5 f5 42. b4 Ra7 43. Rd5+ Kc7 44. Kc5 Ra6 45. Kb5 Re6 46. a6 Re1 47. Re5 Ra1 48. Re7+ 1-0

[Event "POL-chT U19 2nd League"]
[Site "Iwonicz"]
[Date "2015.08.01"]
[Round "5.65"]
[White "Pluta, Natalia"]
[Black "Kroliczek, Gabriela"]
[Result "0-1"]
[WhiteElo "1494"]
[BlackElo "1288"]
[PlyCount "70"]
[EventDate "2015.07.25"]
[EventType "team-swiss"]
[EventRounds "11"]
[EventCountry "POL"]
[SourceTitle "EXT 2019"]
[Source "ChessBase"]
[SourceDate "2018.10.10"]
[SourceVersion "1"]
[SourceVersionDate "2018.10.10"]
[SourceQuality "1"]
[WhiteTeam "Jaworzno JKSz MCKiS U19"]
[BlackTeam "Rybnik MKSz U19 II"]
[WhiteTeamCountry "POL"]
[BlackTeamCountry "POL"]

1. e4 e5 2. Nc3 Nc6 3. f4 d6 4. Nf3 Bg4 5. Bc4 Bxf3 6. Qxf3 Nd4 7. Qd1 exf4 8. h4 Be7 9. 0-0 f3 10. Nb5 Nxb5 11. Bxb5+ c6 12. Bc4 d5 13. exd5 Qb6+ 14. d4 Nf6 15. Rxf3 cxd5 16. Bb3 0-0 17. c3 Rad8 18. Bc2 Ne4 19. Bxe4 dxe4 20. Rf4 Qe6 21. Qe2 f5 22. Be3 Bd6 23. Rff1 f4 24. Bc1 Rde8 25. b3 Qg6 26. Qd2 Qg4 27. Qf2 f3 28. Be3 Bg3 29. Qd2 Bxh4 30. d5 Rf6 31. d6 Rg6 32. d7 Rd8 33. Rad1 Rxd7 34. Qc2 f2+ 35. Rxf2 Bxf2+ 0-1

[Event "POL-chT U19 2nd League"]
[Site "Iwonicz"]
[Date "2015.08.01"]
[Round "8.53"]
[White "Robakowska, Paulina"]
[Black "Pluta, Natalia"]
[Result "0-1"]
[WhiteElo "1297"]
[BlackElo "1494"]
[PlyCount "53"]
[EventDate "2015.07.25"]
[EventType "team-swiss"]
[EventRounds "11"]
[EventCountry "POL"]
[SourceTitle "EXT 2019"]
[Source "ChessBase"]
[SourceDate "2018.10.10"]
[SourceVersion "1"]
[SourceVersionDate "2018.10.10"]
[SourceQuality "1"]
[WhiteTeam "Rydultowy Ognisko U19 II"]
[BlackTeam "Jaworzno JKSz MCKiS U19"]
[WhiteTeamCountry "POL"]
[BlackTeamCountry "POL"]

1. d4 d5 2. c4 e6 3. Nf3 c6 4. Nc3 dxc4 5. e3 b5 6. a4 Bb4 7. axb5 cxb5 8. Bd2 Bxc3 9. Bxc3 a5 10. b3 Bb7 11. bxc4 b4 12. Bb2 Nf6 13. Nd2 Nbd7 14. c5 0-0 15. Qa4 Qc7 16. f3 e5 17. Bb5 exd4 18. exd4 Rfe8+ 19. Kf2 Qf4 20. Nc4 Ng4+ 21. Kg1 Re2 22. Kf1 Rae8 23. Bxd7 Rf2+ 24. Kg1 Rxg2+ 25. Kxg2 Qxf3+ 26. Kg1 Qe3+ 27. Nxe3 0-1

[Event "POL-chT U19 2nd League"]
[Site "Iwonicz"]
[Date "2015.08.01"]
[Round "6.59"]
[White "Ruchala, Katarzyna"]
[Black "Pluta, Natalia"]
[Result "0-1"]
[WhiteElo "1219"]
[BlackElo "1494"]
[PlyCount "80"]
[EventDate "2015.07.25"]
[EventType "team-swiss"]
[EventRounds "11"]
[EventCountry "POL"]
[SourceTitle "EXT 2019"]
[Source "ChessBase"]
[SourceDate "2018.10.10"]
[SourceVersion "1"]
[SourceVersionDate "2018.10.10"]
[SourceQuality "1"]
[WhiteTeam "Nowy Sacz Sandecja U19"]
[BlackTeam "Jaworzno JKSz MCKiS U19"]
[WhiteTeamCountry "POL"]
[BlackTeamCountry "POL"]

1. e4 c5 2. Nf3 Nc6 3. d4 cxd4 4. Nxd4 g6 5. Nc3 Bg7 6. Be3 Nf6 7. f3 Qb6 8. Rb1 Ng4 9. fxg4 Bxd4 10. Bxd4 Qxd4 11. Nd5 Qxe4+ 12. Be2 0-0 13. 0-0 d6 14. Bf3 Qc4 15. b3 Qc5+ 16. Kh1 Rb8 17. Qd2 Be6 18. c4 Bxd5 19. Bxd5 Qd4 20. Qe2 Ne5 21. h3 b5 22. Rbe1 bxc4 23. Bxc4 a5 24. Rb1 a4 25. Rfc1 Rfc8 26. Bb5 axb3 27. axb3 Rc5 28. Ba4 Qd3 29. Qxd3 Nxd3 30. Rd1 Nf2+ 31. Kg1 Nxd1 32. Rxd1 Rbc8 33. Kf2 Kg7 34. Re1 Kf6 35. h4 Rc2+ 36. Kf3 R8c3+ 37. Kf4 Rf2+ 38. Ke4 e5 39. b4 Rf4+ 40. Kd5 Rd4# 0-1

[Event "POL-ch U16 Girls"]
[Site "Karpacz"]
[Date "2015.??.??"]
[Round "8"]
[White "Maciak, Gabriela"]
[Black "Pluta, Natalia"]
[Result "1-0"]
[WhiteElo "1488"]
[BlackElo "1584"]
[PlyCount "43"]
[EventDate "2015.03.??"]
[EventType "swiss"]
[EventRounds "9"]
[EventCountry "POL"]
[SourceTitle "EXT 2017"]
[Source "ChessBase"]
[SourceDate "2016.10.25"]
[SourceVersion "1"]
[SourceVersionDate "2016.10.25"]
[SourceQuality "1"]

1. e4 c5 2. Nf3 Nc6 3. d4 cxd4 4. Nxd4 d6 5. Nc3 g6 6. Be3 Bg7 7. Qd2 Nf6 8. f3 Qa5 9. 0-0-0 0-0 10. g4 a6 11. h4 h5 12. gxh5 Nxh5 13. Rg1 Nxd4 14. Bxd4 Bxd4 15. Qxd4 Qc5 16. Qxc5 dxc5 17. Rd5 Nf4 18. Rxc5 b6 19. Rcg5 Kg7 20. Ne2 Ne6 21. R5g3 Bb7 22. Bh3 1-0